Antecedentes de la intervención / El imperio y la República /

Guardado en:
书目详细资料
主要作者: Minvielle Porte Petit, Jorge (autor)
其他作者: Tafolla Pérez, Rafael (autor) (autor)
格式: 图书
语言:西班牙语
出版: México : Sociedad Mexicana de Geografía y Estadística, Sección de Historia, 1963, c1963
标签: 添加标签
没有标签, 成为第一个标记此记录!

MARC

LEADER 00000nam^a2200000^a^4500
001 000615008
005 20250522000000.0
009 20260310133652.452
025 |a Donación Robles Martínez, 1 ejemplar 
037 |a Acervo ITESO - Biblioteca 
041 |a ESP 
091 |a FRM. 00061 
100 |a Minvielle Porte Petit, Jorge  |e (autor) 
245 1 0 |a Antecedentes de la intervención / El imperio y la República / 
264 4 |a México :  |b Sociedad Mexicana de Geografía y Estadística, Sección de Historia,  |c 1963, c1963 
300 |a 191 p. 
336 |a texto  |b txt  |2 rdacontenido 
337 |a sin mediación  |b n  |2 rdamedio 
338 |a volumen  |b nc  |2 rdasoporte 
649 |a XX 
700 |a Tafolla Pérez, Rafael  |e (autor) 
910 |a Fondo Robles Martínez 
920 |a Impresos - Libros 
930 |a Fondos Especiales 
905 |a 123 
901 |a 615008-10  |b IT2  |c ESP  |i D  |u 20250522 
902 |a https://opac.biblio.iteso.mx/vufind/Record/000615008